000 01768nam0a2200385 4500
001 RU\NLR\bibl\1201013
005 20250615101925.0
021 _aRU
_b2008-4788
_9258
035 _a(NLR Aleph) 001187515
090 _a1696400
_c1696400
100 _a20080314d2007 |||y0rusy50 ca
101 0 _arus
_deng
102 _aRU
105 _aa |||||||||
200 1 _aОтрицательные корреляции изменчивости приводного ветра и поверхностного волнения
_fЮ. И. Троицкая, И. С. Долина, А. В. Ермошкин [и др.]
210 _aНижний Новгород
_cИнститут прикладной физики
_d2007
215 _a19, [1] с.
_cил.
_d21
225 1 _aПрепринт
_fРос. акад. наук, Ин-т прикл. физики
_v№ 742
300 _aРез. на англ. яз.
320 _aБиблиогр. в конце кн. (16 назв.)
606 1 _aМорские волны поверхностные
_xИсследования
_xДистанционные методы
_92517939
_3RU\NLR\auth\661492279
606 1 _aВетры приводные
_xИсследования
_xДистанционные методы
_92515227
_3RU\NLR\auth\661490800
686 _aД221.321в751
686 _aД237.223в751
701 1 _aТроицкая
_bЮ. И.
_gЮлия Игоревна
_4070
701 1 _aДолина
_bИ. С.
_gИрина Сергеевна
_4070
701 1 _aЕрмошкин
_bА. В.
_gАлександр Викторович
_4070
801 0 _aRU
_bNLR
_c20080314
_gRCR
801 1 _aRU
_bNLR
_c20080314
830 _aавт. по ЭК
942 _cBOOK
980 _aNB
980 _aNBR